| 000 | 00500nam a2200169 4500 | ||
|---|---|---|---|
| 003 | CO-ViMGA | ||
| 020 | _a9788495787552 | ||
| 040 |
_aCO-ViMGA _bspa _cCO-ViMGA |
||
| 082 | 0 | 4 |
_a658.4 _bR78b |
| 100 | 1 |
_aRovira Celma, Alex _912072 |
|
| 245 | 1 | 0 |
_aLa buena suerte : _bClaves de la prosperidad / _cAlex Rovira Celma; Fernando Trias de Bes Mingot |
| 260 |
_aBarcelona : _bEmpresa Activa _c2004 |
||
| 300 |
_a128 págs. _b18 cm. |
||
| 650 | 1 | 4 |
_aExito _96495 |
| 650 | 1 | 4 |
_aProsperidad _912073 |
| 942 |
_2ddc _cBK |
||
| 999 |
_c36983 _d36983 |
||